Compromisos presidenciales para el área económica de Centroamérica: 1990-1996

Αποθηκεύτηκε σε:
Λεπτομέρειες βιβλιογραφικής εγγραφής
Μορφή: Κείμενο
Ετικέτες: Προσθήκη ετικέτας
Δεν υπάρχουν, Καταχωρήστε ετικέτα πρώτοι!

MARC

LEADER 00000 a a2200000 04500
001 14095
003
040
245 |a Compromisos presidenciales para el área económica de Centroamérica: 1990-1996  
773 |g número 32 -33; páginas 233-264  
999 |c 29676  |d 29676